| 000 | 00992cam a22003017a 4500 | ||
|---|---|---|---|
| 003 | CHAP | ||
| 005 | 20220329140547.0 | ||
| 008 | 971013s1971 r 00010 d | ||
| 010 | _a53939 | ||
| 011 | _a54911 | ||
| 035 | _a59063 | ||
| 040 | _cCHAP | ||
| 082 |
_a583.45 _bW5 |
||
| 100 | 0 | 0 |
_aWilde, W. J. J. O. de. _9121919 |
| 245 | 1 | 2 | _aA monograph of the genus Adenia Forsk (Passifloracea) |
| 260 |
_aWageningen : _bVeenman & Zonen, _c1971 |
||
| 300 |
_a281 p. _b: ilus. |
||
| 490 | 0 |
_aMededelingen landbowhogeschool _v; 71-18 |
|
| 590 |
_aBATCH-UPD _b10 _c20130110 _lUCH01 _h0428 |
||
| 590 |
_aBATCH-UPD _b10 _c20130110 _lUCH01 _h2316 |
||
| 590 |
_aCONVERSION _b10 _c20130109 _lUCH01 _h1329 |
||
| 650 | 1 | 4 |
_aPasifloraceas. _985860 |
| 830 | 0 |
_aMededelingen landbowhogeschool _v; 71-18 _973869 |
|
| 901 | _aBK | ||
| 942 | _cLIBRO | ||
| 949 |
_a583.45 W5 _bBC _cLIBRO _d33724000455978 _eLIBRO _fc.2 _h3901 _i59063 _mD _si |
||
| 949 |
_a583.45 W5 _bBC _cLIBRO _d33724000455986 _eLIBRO _h16420 _i59063 _mD _si |
||
| 999 |
_c53939 _d53939 |
||